| 000 | 00448nam a22001697a 4500 | ||
|---|---|---|---|
| 003 | MACL | ||
| 005 | 20160802123002.0 | ||
| 008 | 160802b xxu||||| |||| 00| 0 eng d | ||
| 040 | _cMACL | ||
| 041 | _aEnglish | ||
| 082 | _a920 SEG | ||
| 100 |
_aSegal, Zobra _965924 |
||
| 245 |
_aClose-Up _bMemoirs Of A Life On Stage And Screen _cZohra Segal |
||
| 260 |
_aNew Delhi _bWomen Unlimited _c2010 |
||
| 650 |
_aBiography _965925 |
||
| 942 |
_2ddc _cBK |
||
| 999 |
_c55419 _d55419 |
||